|
|
|
|
| LEADER |
01110nam a2200277 a 4500 |
| 001 |
1423944 |
| 008 |
120103r19981985ii a 001 0 eng d |
| 010 |
|
|
|a 84010054
|
| 020 |
|
|
|a 0070038996
|
| 020 |
|
|
|a 0074604007
|
| 040 |
|
|
|a DLC
|c DLC
|d DLC
|d BD-DhAAL
|
| 082 |
0 |
0 |
|a 621.3819/58
|2 19
|
| 999 |
|
|
|c 11718
|d 11718
|
| 999 |
|
|
|c 11718
|
| 100 |
1 |
|
|a Bartee, Thomas C.
|9 1813
|
| 245 |
1 |
0 |
|a Digital computer fundamentals /
|c Thomas C. Bartee.
|
| 250 |
|
|
|a 6th ed.
|
| 260 |
|
|
|a New York ;
|a New Delhi :
|b McGraw-Hill,
|c c1985.[reprinted 1998]
|
| 300 |
|
|
|a xii, 610 p. :
|b ill. ;
|c 25 cm.
|
| 500 |
|
|
|a Includes index.
|
| 541 |
1 |
|
|e 00006680
|
| 650 |
|
0 |
|a Electronic digital computers.
|9 1814
|
| 852 |
1 |
|
|a Ayesha Abed library
|c General Shelf
|
| 942 |
|
|
|2 ddc
|c AV
|
| 952 |
|
|
|0 0
|1 0
|2 ddc
|4 0
|6 621_381958000000000_BAR
|7 0
|9 19058
|a BRACUL
|b BRACUL
|c GEN
|d 2012-01-04
|l 0
|o 621.381958 BAR
|p 3010006680
|r 2012-01-04
|t 1
|w 2012-01-04
|y BK
|
| 952 |
|
|
|0 0
|1 0
|2 ddc
|4 0
|6 621_381958000000000_BAR
|7 0
|9 19062
|a BRACUL
|b BRACUL
|c GEN
|d 2012-01-04
|l 2
|m 6
|o 621.381958 BAR
|p 3010012257
|r 2022-11-20
|s 2022-11-13
|t 2
|w 2012-01-04
|y BK
|x Price not available in Register
|